Making pigeons pay ; a manual of practical information on the management, selection, breeding, feeding, and marketing of pigeons.

Bibliographic Details
Main Author: Levi, Wendell Mitchell, 1891-
Format: Book
Language:English
Published: New York : Orange Judd Pub. Co., 1955.
Edition:[Rev.].
Subjects:

MARC

Tag First Indicator Second Indicator Subfields
LEADER 00000cam a2200000 4500
001 in00000023251
005 20151007064338.0
008 761214s1955 nyua 00000 eng
010 |a  55001883  
035 |a (OCoLC)02621833 
035 |9 AAD9630AM 
040 |a DLC  |c OHI  |d TXA  |d UtOrBLW 
049 |a TXAM  |c [272938] 
050 0 |a SF467  |b .L47 1955 
082 0 |a 636.59608 
092 |a 636.596  |b L664m, 1955 
100 1 |a Levi, Wendell Mitchell,  |d 1891- 
245 1 0 |a Making pigeons pay ;  |b a manual of practical information on the management, selection, breeding, feeding, and marketing of pigeons. 
250 |a [Rev.]. 
264 1 |a New York :  |b Orange Judd Pub. Co.,  |c 1955. 
300 |a 263 pages :  |b illustrations ;  |c 21 cm. 
336 |a text  |b txt  |2 rdacontent 
337 |a unmediated  |b n  |2 rdamedia 
338 |a volume  |b nc  |2 rdacarrier 
650 0 |a Pigeons. 
999 |a MARS 
999 f f |s 1517b1bf-fae9-324a-899c-084d666395d1  |i 49ce53fa-27fa-3988-98b8-125527eb9a6b  |t 0 
952 f f |p ric  |a Texas A&M University  |b Rellis Campus  |c Joint Library Facility  |d Remote Storage  |t 0  |e SF467 .L47 1955  |h Library of Congress classification  |i unmediated -- volume  |m A14801093231 
998 f f |a SF467 .L47 1955  |t 0  |l Remote Storage